MARC

LEADER 00000nam0a2200000 4500
001 113997
005 20231031122054.0
035 |a (RuTPU)RU\TPU\book\123271 
090 |a 113997 
100 |a 20070418d1962 km y0rusy50 ca 
101 0 |a rus 
102 |a RU 
105 |a a z 001zy 
200 1 |a Депарафинизация масел  |f К. М. Бадыштова, А. А. Чесноков, Г. Г. Бурмистров 
210 |a Москва  |c Изд-во нефтяной и горно-топливной промышленности  |d 1962 
215 |a 152 с.  |c ил. 
225 1 |a Библиотечка молодого рабочего 
320 |a Библиогр.: с. 150. 
610 1 |a химическая технология 
610 1 |a нефть 
610 1 |a нефтяные масла 
610 1 |a депарафинизация 
610 1 |a производство 
610 1 |a обезмасливание 
610 1 |a петролатум 
610 1 |a оборудование 
610 1 |a автоматизация 
610 1 |a техника безопасности 
675 |a 665.521  |v 3 
700 1 |a Бадыштова  |b К. М.  |g Кнара Мамбреевна 
701 1 |a Чесноков  |b А. А.  |g Анатолий Александрович 
701 1 |a Бурмистров  |b Г. Г.  |g Геннадий Гаврилович 
801 1 |a RU  |b 63413507  |c 20070418  |g PSBO 
801 2 |a RU  |b 63413507  |c 20071116  |g PSBO 
942 |c BK